Detail of training courses available to foreign trainees in the ecafe region (Record no. 499979)

000 -LEADER
fixed length control field 00459cam a22001097a 4500
008 - FIXED-LENGTH DATA ELEMENTS--GENERAL INFORMATION
fixed length control field 180718b1972 xxu||||| |||| 00| 0 eng d
082 ## - DEWEY DECIMAL CLASSIFICATION NUMBER
Classification number K5x5 Un3d
245 ## - TITLE STATEMENT
Title Detail of training courses available to foreign trainees in the ecafe region
Statement of responsibility, etc. by Economic Commission For Asia and The Far East, Thailand
260 ## - PUBLICATION, DISTRIBUTION, ETC.
Place of publication, distribution, etc. Bangkok
Name of publisher, distributor, etc. Economic Commission For Asia and The Far East
Date of publication, distribution, etc. 1972
300 ## - PHYSICAL DESCRIPTION
Extent 77+p.
700 ## - ADDED ENTRY--PERSONAL NAME
Personal name Thailand. Economic Commission For Asia and The Far East
Holdings
Withdrawn status Lost status Damaged status Not for loan Permanent Location Current Location Date acquired Full call number Barcode Date last seen Price effective from Koha item type
        Indian Institute of Public Administration Indian Institute of Public Administration 2018-08-04 K5x5 Un3d GG13204 2018-08-04 2018-08-04 GG

Powered by Koha